Historia y ciencia (Record no. 197364)

MARC details
000 -LEADER
campo de control de longitud fija 01794nim a2200409 i 4500
001 - NÚMERO DE CONTROL
campo de control 197364
003 - IDENTIFICADOR DE NÚMERO DE CONTROL
campo de control ES-MaACL
005 - FECHA Y HORA DE LA ÚLTIMA TRANSACCIÓN
campo de control 20250828062633.0
007 - CAMPO FIJO DE DESCRIPCIÓN FÍSICA--INFORMACIÓN GENERAL
campo de control de longitud fija ss lsnjlcipnne
008 - DATOS DE LONGITUD FIJA--INFORMACIÓN GENERAL
campo de control de longitud fija 140525s1991 sp nnnn |||| 00| spa d
040 ## - FUENTE DE CATALOGACIÓN
Lengua de catalogación spa
Centro/agencia transcriptor ES-MaACL
245 00 - MENCIÓN DEL TÍTULO
Título Historia y ciencia
Medio [Grabación sonora] :
Resto del título tertulias de rebotica /
Mención de responsabilidad, etc. participan José Luis Peset, Javier Puerto y Miguel Ángel Puig ; modera Juan Manuel Reol ; coordina Daniel Pacheco
260 ## - PUBLICACIÓN, DISTRIBUCIÓN, ETC.
Lugar de publicación, distribución, etc. Madrid :
Nombre del editor, distribuidor, etc. Ateneo de Madrid,
Fecha de publicación, distribución, etc. 1991
300 ## - DESCRIPCIÓN FÍSICA
Extensión 1 casete (ca. 90 min) :
Otras características físicas son. ;
Dimensiones 11 cm
490 1# - MENCIÓN DE SERIE
Materiales especificados Actos culturales en el Ateneo de Madrid
518 ## - NOTA DE FECHA/HORA Y LUGAR DE UN ACONTECIMIENTO
Nota de fecha/hora y lugar de un acontecimiento Grabado el 8 de mayo de 1991 en el Salón de Actos del Ateneo de Madrid
520 ## - RESUMEN, ETC.
Sumario, etc. Conferencia sobre la historia de la ciencia dentro de las tertulias de rebotica.
540 ## - NOTA DE CONDICIONES DE USO Y REPRODUCCIÓN
Condiciones de uso y reproducción Documento inédito
594 ## - Nota al título y mención de responsabilidad
a Datos basados en la invitación
610 20 - PUNTO DE ACCESO ADICIONAL DE MATERIA--NOMBRE DE ENTIDAD CORPORATIVA
Nombre de entidad corporativa o nombre de jurisdicción como elemento de entrada Ateneo de Madrid-
Subdivisión general Actos culturales-
Subdivisión cronológica 1991-
Subdivisión de forma Grabaciones sonoras
9 (RLIN) 240452
650 #7 - PUNTO DE ACCESO ADICIONAL DE MATERIA--TÉRMINO DE MATERIA
Término de materia o nombre geográfico como elemento de entrada Ciencia
Fuente del encabezamiento o término embne
9 (RLIN) 10929
653 ## - TÉRMINO DE INDIZACIÓN--NO CONTROLADO
Término no controlado Archivo de la palabra
655 #0 - TERMINO DE INDIZACIÓN--GENERO/FORMA
Datos o término principal de género/forma Conferencias
9 (RLIN) 234444
700 0# - ENTRADA AGREGADA--NOMBRE PERSONAL
9 (RLIN) 96251
Nombre de persona Reol, Juan Manuel
Término indicativo de función/relación Moderador
700 0# - ENTRADA AGREGADA--NOMBRE PERSONAL
9 (RLIN) 91433
Nombre de persona Peset, José Luis
Término indicativo de función/relación Orador
700 0# - ENTRADA AGREGADA--NOMBRE PERSONAL
9 (RLIN) 94191
Nombre de persona Puerto Sarmiento, Francisco Javier,
Término indicativo de función/relación Orador
Fechas asociadas al nombre 1950-
700 1# - ENTRADA AGREGADA--NOMBRE PERSONAL
9 (RLIN) 94278
Nombre de persona Puig-Samper, Miguel Ángel
Término indicativo de función/relación Orador
700 1# - ENTRADA AGREGADA--NOMBRE PERSONAL
9 (RLIN) 88132
Nombre de persona Pacheco Fernández, Daniel
Término indicativo de función/relación Coordinador
710 2# - ENTRADA AGREGADA--NOMBRE DE ENTIDAD CORPORATIVA
Nombre de entidad corporativa o nombre de jurisdicción como elemento de entrada Ateneo de Madrid.
Unidad subordinada Sección de Farmacia
9 (RLIN) 1991
710 2# - ENTRADA AGREGADA--NOMBRE DE ENTIDAD CORPORATIVA
Nombre de entidad corporativa o nombre de jurisdicción como elemento de entrada Universidad Complutense de Madrid.
Unidad subordinada Facultad de Farmacia
9 (RLIN) 171281
Término indicativo de función/relación Colaborador
710 2# - ENTRADA AGREGADA--NOMBRE DE ENTIDAD CORPORATIVA
Nombre de entidad corporativa o nombre de jurisdicción como elemento de entrada Asociación Española de Farmacéuticos de Letras y Artes
9 (RLIN) 161025
Término indicativo de función/relación Colaborador
830 #0 - PUNTO DE ACCESO ADICIONAL DE SERIE-TÍTULO UNIFORME
Título uniforme Actos culturales en el Ateneo de Madrid
9 (RLIN) 240237
852 ## - LOCALIZACIÓN
Ubicación ES-MaACL
Ubicación en estantería Depósito Z
itemnumber 205692
942 ## - ELEMENTOS DE ENTRADA SECUNDARIOS (KOHA)
Fuente del sistema de clasificación o colocación Clasificación decimal universal
Suprimir en OPAC No
Tipo de ítem Koha Casete
Holdings
Estatus retirado Estado de pérdida Fuente del sistema de clasificación o colocación Estado de daño No para préstamo Colección Biblioteca de origen Biblioteca actual Ubicación en estantería Fecha de adquisición Total de préstamos Signatura topográfica completa Código de barras Visto por última vez Precio de reemplazo Tipo de ítem Koha
    Clasificación decimal universal     Archivo de la palabra Biblioteca del Ateneo de Madrid Biblioteca del Ateneo de Madrid Depósito Z 22/05/2025   AP/1288 2025-0421 22/05/2025 22/05/2025 Casete